000 00333nam a2200145 i 4500
001 bg
100 1 _aMISIUREWICZ, P.
245 1 0 _aSystemy mikrokomputerowe /
_cP. Misiurewicz.
250 _aWyd.2 popr.
260 _aWarszawa,
_c1986.
040 _cBPK
041 _apol
942 _cKS
008 s pl f |000 0 pol
999 _c2653
_d2653
856 _uhttp://koha.tu.koszalin.pl/cgi-bin/koha/opac-detail.pl?biblionumber=2653
_yKatalog online BPK